| 000 | 00752nam a2200241Ia 4500 | ||
|---|---|---|---|
| 003 | GCL | ||
| 008 | 140319s9999 xx 000 0 ara d | ||
| 040 |
_aGCL / _cGCL |
||
| 082 | 0 | 4 |
_aط _b813.087 _bس ع |
| 100 | 1 | _aستيوارت، مارى | |
| 245 | 1 | 0 |
_aعلاء الدين والمصباح السحرى / _cستيوارت، مارى |
| 700 | 1 | _aسليمان العيسى | |
| 260 |
_a[S.N] : _bمكتبة لبنان |
||
| 300 | _a51 ص | ||
| 490 |
_aاساطير وحكايات خرافية _v0 |
||
| 650 | 0 | 4 | _aقصص البطولات |
| 650 | 0 | 4 | _aالاطفال |
| 650 | 0 | 4 | _aالادب الشعبى |
| 650 | 0 | 4 | _aقصص الاطفال |
| 650 | 0 | 4 | _aادب الاطفال |
| 650 | 0 | 4 | _aالقصص الخرافية |
| 942 |
_2ddc _cBK |
||
| 999 |
_c32778 _d32778 |
||